Statistics for Doom Cheat Codes

Click here to take the quiz!

General Stats

  • This quiz has been taken 6 times
  • The average score is 5 of 15

Answer Stats

HintAnswer% Correct
Change mapidclev
75%
Disable collisionidclip
50%
God modeiddqd
50%
All weapons and ammoidfa
50%
All keys, weapons and ammoidkfa
50%
Toggle computer area mapidbeholda
25%
Toggle partial invisibilityidbeholdi
25%
Toggle light amplification gogglesidbeholdl
25%
Toggle radsuitidbeholdr
25%
Toggle beserkidbeholds
25%
Toggle invulnerabilityidbeholdv
25%
Give chainsaw (and 1 frame of invincibility)idchoppers
25%
Reveal automapiddt
25%
Change musicidmus
25%
Show player coordinatesidmypos
25%

Score Distribution

Percentile by Number Answered

Percent of People with Each Score

Your Score History

You have not taken this quiz